Riconosci il personaggio famoso italiano dal suo soprannome - Statistics

Statistiche generali
  • Questo quiz è stato fatto 181 volte
  • Il punteggio medio è 9 su 15
Statistiche sulle risposte
Soprannome Professione Artista % Corretto
Raffa Nazionale cantante, ballerina e conduttrice televisiva Raffaella Carrà
96%
Il Divin codino calciatore Roberto Baggio
88%
Il Dottore pilota Valentino Rossi
82%
Il molleggiato cantautore, showman e attore Adriano Celentano
74%
Il Re dei quiz conduttore televisivo Mike Bongiorno
72%
Jimbo atleta Gianmarco Tamberi
68%
Il principe della risata attore Totò
63%
Faber cantautore Fabrizio de Andrè
61%
La tigre di Cremona cantante Mina
59%
L’Avvocato imprenditore Gianni Agnelli
52%
Pantera azzurra pallavolista Paola Egonu
51%
Maestro calciatore Andrea Pirlo
50%
L’Aquila di Ligonchio cantante e conduttrice televisiva Iva Zanicchi
38%
la Capinera dell’Emilia / l'Usignolo di Cavriago cantante Orietta Berti
31%
Il Mattatore attore e regista Vittorio Gassman
24%
Nessun quiz corrispondente trovato
Distribuzione punteggi
Percentuale di utenti per punteggio
Percentile per numero di risposta
I tuoi punteggi nel tempo
Non hai fatto questo quiz